Zborník zo sympózia O živočíšnej výrobe zborník referátov a prednášok v dňoch 3.-4. dec. 1969 pri prílež. 10. výročia Prevádzkovo-ekon. fak. VŠP v Nitre a 20. výr. jednot. roľ. družstiev : materiál je technicko ekon. pomůckou ...

Podrobná bibliografia
Ďalší autori: Branický, Milan (Zostavovateľ, kompilátor, Autor úvodu atď.), Špyrka, Milan, 1927-2001 (Autor úvodu atď.), Hrmo, Valér, 1934-1990 (Autor úvodu atď.)
Médium: Kniha
Jazyk:slovenčina
maďarčina
Fyzický popis:413, [1] s. 4°
Vydavateľské údaje: Bratislava Ministerstvo poľnohospodárstva a výživy SSR Pôdohospodárske vydavateľstvo 1970
Edícia:Edícia Ministerstva poľnohospodárstva a výživy
Predmet:

MARC

LEADER 00000cam a2200000 a 4500
001 vtls008308065
003 SK-MaSNL
005 20260302090101.0
008 251124s1970 xo dab f an 100 0 slo
015 |a SNBA1972/01-00162 
035 |a SK01SNK19720000282 
035 |a SKM000002745 
040 |a SNK  |b slo  |c SNK  |e AACR2 
041 0 |a slo  |a hun  |b ger 
044 |a xo  |c SK 
080 |a 636/639(082)  |2 1981 
245 0 0 |a Zborník zo sympózia O živočíšnej výrobe  |b zborník referátov a prednášok v dňoch 3.-4. dec. 1969 pri prílež. 10. výročia Prevádzkovo-ekon. fak. VŠP v Nitre a 20. výr. jednot. roľ. družstiev : materiál je technicko ekon. pomůckou ...  |c zost. Milan Branický ; slovo na začiatku: Milan Špyrka, Milan Branický, Valér Hrmo 
260 |a Bratislava  |b Ministerstvo poľnohospodárstva a výživy SSR  |b Pôdohospodárske vydavateľstvo  |c 1970  |e Bratislava  |f Západoslovenské tlačiarne 
300 |a 413, [1] s.  |c 4° 
490 0 |a Edícia Ministerstva poľnohospodárstva a výživy 
500 |a Lit. po čl. Pozn. Odkazy na lit. Tb. Mp. Grafy. Diagramy. Nem. resumé. Čl. aj maď. 
650 0 7 |a živočíšna výroba  |2 SNKPH  |9 2836 
655 7 |a zborníky konferencií  |2 SNKPH  |9 70153 
700 1 |a Branický, Milan  |4 com  |4 aui  |9 6006 
700 1 |a Špyrka, Milan,  |d 1927-2001  |4 aui  |9 5871 
700 1 |a Hrmo, Valér,  |d 1934-1990  |4 aui  |9 159200 
830 0 |a Edícia Ministerstva poľnohospodárstva a výživy  |9 757033 
958 |a OND 
958 |a TL 
958 |a RK 
958 |a ZB 
958 |a NB 
958 |a EUIPO 
999 |c 1195113  |d 1197043 
952 |a SNK  |b SNK  |y PREZ  |7 0  |p 17A0890275  |o snkSB 18005  |i snkKSP 914/72  |0 0  |1 0  |4 0  |d 2015-03-25  |l 0  |r 2025-03-20 00:00:00  |w 2026-02-24 
952 |a SNK  |b SNK  |y VYP  |7 0  |o snkSB 18005 D1  |i snkKSP 915/72  |0 0  |1 0  |4 0  |d 2015-03-25  |l 0  |r 2026-02-24 22:24:06  |w 2026-02-24